000 00426nam a2200181Ia 4500
001 14559
005 20260306164923.0
008 260306t2013||||xx |||||||||||||| ||spa||
041 _aESP
082 _a515.15
_bT69
100 _aTomeo Perucha, Venancio
_eAUT
245 0 _aCálculo en una variable
260 _c2013
300 _a406 páginas :
_c26 cm.
650 _aGEN
654 _aCMA
942 _cLIB
_dJUS
_fJUS
_2ddc
_n
999 _c14559
_d14559